书目信息 |
| 题名: |
第二次世界大战内幕
|
|
| 作者: | 沃尔科夫 著 | |
| 分册: | ||
| 出版信息: | 北京 军事科学出版社 1992.01 |
|
| 页数: | 445页 | |
| 开本: | 32开 | |
| 丛书名: | ||
| 单 册: | ||
| 中图分类: | E19 | |
| 科图分类: | ||
| 主题词: | 军事--世界 | |
| 电子资源: | ||
| ISBN: | 7-80021-350-1 | |
| 000 | 00552nam0 2200193 45 | |
| 001 | 0011231191 | |
| 005 | 20001123112334.5 | |
| 010 | @a7-80021-350-1@d7.50元 | |
| 100 | @a20001123d1992 km y0chiy0120 ea | |
| 101 | 0 | @achi |
| 105 | @a z 000yy | |
| 200 | 1 | @a第二次世界大战内幕@ADi Er Ci Shi Jie Da Zhan Nei Mu@f(苏)沃尔科夫著@F(Su)Wo Er Ke Fu Zhu |
| 210 | @a北京@c军事科学出版社@d1992.01 | |
| 215 | @a445页@d32开 | |
| 606 | 0 | @a军事@x世界 |
| 690 | @aE19@v3 | |
| 701 | 0 | @a沃尔科夫@4著 |
| 801 | @aCN@bPftUser@c20001123 | |
| 905 | @b502082@dE19@eA369@f1 | |
| 第二次世界大战内幕/(苏)沃尔科夫著.-北京:军事科学出版社,1992.01 |
| 445页;32开 |
| ISBN 7-80021-350-1:7.50元 |
| ● |
| 相关链接 |
|
|
|
正题名:第二次世界大战内幕
索取号:E19/A369
 
预约/预借
| 序号 | 登录号 | 条形码 | 馆藏地/架位号 | 状态 | 备注 |
| 1 | 502082 | 205020822 | 社科库509/509社科库 114排2列1层/ [索取号:E19/A369] | 在馆 |